000 00817nam a22002175i 4500
001 176474
003 ES-MaACL
005 20250709220102.0
008 110118s1947 sp |||| | spa d
080 _a821.134.2 Cervantes Saavedra, Miguel de
080 _a061.75
245 0 0 _aMiguel de Cervantes Saavedra
_b: homenaje de Ínsula en el cuarto centenario de su nacimiento : 1547-1947.
260 _a[Madrid :
_bÍnsula,
_c1947?]
300 _a229 p. ;
_c23 cm.
490 1 _aCuadernos de Ínsula ;
_v1
600 1 4 _aCervantes Saavedra, Miguel de,
_d1547-1616-
_xCrítica e interpretación
_937602
600 1 7 _aCervantes Saavedra, Miguel de,
_d1547-1616-
_xHomenajes
_2
_9144790
830 0 _aCuadernos de Ínsula
_v1
_9224032
852 _aES-MaACL
_jE-14076
_xOlim P-944
999 _c176474
_d176474